<?xml version="1.0" encoding="UTF-8"?>
<marc:record xmlns:marc="http://www.loc.gov/MARC21/slim">
   <marc:leader>00000nam a2200000 a 4500</marc:leader>
   <marc:datafield ind1="1" ind2=" " tag="100">
      <marc:subfield code="a">Douschan, Liselotte</marc:subfield>
      <marc:subfield code="4">aut</marc:subfield>
      <marc:subfield code="e">Verfasser/-in</marc:subfield>
   </marc:datafield>
   <marc:datafield ind1="1" ind2=" " tag="100">
      <marc:subfield code="a">Fischer, Heinz</marc:subfield>
      <marc:subfield code="4">wpr</marc:subfield>
      <marc:subfield code="e">Writer of preface</marc:subfield>
   </marc:datafield>
   <marc:datafield ind1=" " ind2=" " tag="653">
      <marc:subfield code="a">Benya</marc:subfield>
   </marc:datafield>
   <marc:datafield ind1=" " ind2=" " tag="653">
      <marc:subfield code="a">Anton</marc:subfield>
   </marc:datafield>
   <marc:datafield ind1=" " ind2=" " tag="653">
      <marc:subfield code="a">Biografie</marc:subfield>
   </marc:datafield>
   <marc:datafield ind1=" " ind2=" " tag="653">
      <marc:subfield code="a">Biographie</marc:subfield>
   </marc:datafield>
   <marc:datafield ind1="0" ind2="0" tag="245">
      <marc:subfield code="a">Anton Benya</marc:subfield>
   </marc:datafield>
   <marc:datafield ind1="0" ind2="0" tag="245">
      <marc:subfield code="b">österreichischer Gewerkschafts- und Nationalratspräsident</marc:subfield>
   </marc:datafield>
   <marc:datafield ind1="0" ind2="0" tag="245">
      <marc:subfield code="c">Liselotte Douschan</marc:subfield>
   </marc:datafield>
   <marc:datafield ind1=" " ind2="1" tag="264">
      <marc:subfield code="a">Wien</marc:subfield>
      <marc:subfield code="b">Böhlau</marc:subfield>
      <marc:subfield code="c">2011</marc:subfield>
   </marc:datafield>
   <marc:datafield ind1="1" ind2=" " tag="520">
      <marc:subfield code="a">Angaben aus der Verlagsmeldung

Anton Benya : Österreichischer Gewerkschafts- und Nationalratspräsident / von Liselotte Douschan

Anton Benya (1912-2001) gilt als eine der wichtigsten und bedeutendsten Persönlichkeiten der Zweiten Republik in Österreich. Seine Biografie umfasst markante Stationen in seinem politischen Leben und deren historische Bedeutung. Er stieg an die Spitze des ÖGB auf, dessen Präsident er von 1963 bis 1987 war. Durch sein Verhandlungsgeschick hatte er entscheidenden Anteil am Zustandekommen der Sozialpartnerschaft. Wesentlichen Einfluss übte er auf die Regierungspolitik Bruno Kreiskys aus. Als der am längsten dienende Erste Nationalratspräsident Österreichs von 1971 bis 1986 war er eine der Symbolfiguren der österreichischen Sozialdemokratie. In diesem zeithistorischen Portrait wird die Person Anton Benyas vor dem Hintergrund der Entwicklungslinien der Zweiten Republik reflektiert.
Die umfangreiche Biografie basiert auf bisher unveröffentlichten Quellen aus Benyas Privatbesitz.
</marc:subfield>
   </marc:datafield>
   <marc:datafield ind1=" " ind2=" " tag="020">
      <marc:subfield code="a">9783205787488</marc:subfield>
      <marc:subfield code="9">9783205787488</marc:subfield>
   </marc:datafield>
   <marc:datafield ind1=" " ind2=" " tag="020">
      <marc:subfield code="a">320578748X</marc:subfield>
      <marc:subfield code="9">320578748X</marc:subfield>
   </marc:datafield>
   <marc:datafield ind1=" " ind2=" " tag="041">
      <marc:subfield code="a">ger</marc:subfield>
   </marc:datafield>
   <marc:datafield ind1=" " ind2=" " tag="300">
      <marc:subfield code="a">323 S.</marc:subfield>
   </marc:datafield>
</marc:record>
